LEADER 01002nam0-22003251i-450- 001 990003863260403321 005 20080118121849.0 035 $a000386326 035 $aFED01000386326 035 $a(Aleph)000386326FED01 035 $a000386326 100 $a20030910d1955----km-y0itay50------ba 101 0 $afre 102 $aIT 200 1 $aEtude comparative des produits nationaux et du pouvoir d'achat des monnaies$eEtats Unis, Royaume Uni, France, Allemagne, Italie$fMilton Gilbert et Irving B. Kravis. 210 $aParis$cOECE$d1955. 215 $a227 p.$ctav.$d24 cm 610 0 $aReddito nazionale 676 $aF/1.221 676 $aF/1.4 676 $aF/2.1 702 1$aGilbert,$bMilton 702 1$aKravis,$bIrving B. 801 0$aIT$bUNINA$gRICA$2UNIMARC 901 $aBK 912 $a990003863260403321 952 $aF/2.1 GIL/1$b039978/67$fSES 959 $aSES 996 $aEtude comparative des produits nationaux et du pouvoir d'achat des monnaies$9514587 997 $aUNINA LEADER 02971nam 2200457 450 001 9910794236003321 005 20220619164610.0 010 $a1-68247-309-0 035 $a(CKB)4100000011624841 035 $aEBL5335501 035 $a(AU-PeEL)EBL5335501 035 $a(MiAaPQ)EBC5335501 035 $a(EXLCZ)994100000011624841 100 $a20220619d2018 uy 0 101 0 $aeng 135 $aur|n|---||||| 181 $ctxt$2rdacontent 182 $cc$2rdamedia 183 $acr$2rdacarrier 200 14$aThe decline of European naval forces $echallenges to sea power in an age of fiscal austerity and political uncertainty /$fJeremy Sto?hs 210 1$aAnnapolis, Maryland :$cNaval Institute Press,$d[2018] 210 4$dİ2018 215 $a1 online resource (312 p.) 225 1 $a21st Century Foundations 300 $aDescription based upon print version of record. 311 $a1-68247-308-2 320 $aIncludes bibliographical references and index. 327 $aPrinciples of sea power -- The pivot toward Asia and the consequences for Europe -- Part 2. Case studies: Europe's naval forces -- United Kingdom: keep calm and get those carriers operational -- France: stretched, but willing - Europe's most capable naval force -- Italy: between global interest and regional necessities -- Spain: creating a well-balanced fleet and maintaining it -- Turkey and Greece: allies and yet not friends - diverging naval powers -- Germany: reluctance and reductions - not stepping up to the plate -- Denmark and the Netherlands: commercial might and military inaptitude -- Sweden and Norway: Scandinavian navies sticking to their guns? -- Part 3. Analysis and observations: quo vadis Europe? -- Conclusion: whose sea power will it be?. 330 $a"The Decline of European Naval Forces provides insight into the evolution of Europe's naval forces since the end of the Cold War. To illuminate the drastic changes many European navies have undergone over the last twenty-five years, the author analyzes in several case studies the defense policies and naval strategies of eleven European states as well as the evolution,deployment, and capabilities of their respective naval forces. The author looks at the development of Europe's most important naval forces is assessed per the respective strategic framework in which they have operated over the past two decades. This book describes not only the general composition of each force but also the range of their capabilities and their important technical features."--Provided by publisher. 410 0$a21st Century Foundations 606 $aAeronautics in police work$zUnited States 615 0$aAeronautics in police work 676 $a363.284 700 $aSto?hs$b Jeremy$01556788 801 0$bMiAaPQ 801 1$bMiAaPQ 801 2$bMiAaPQ 906 $aBOOK 912 $a9910794236003321 996 $aThe decline of European naval forces$93819742 997 $aUNINA